000 00829nam a2200205 a 4500
003 0
005 20250528093117.0
008 021129s19uu xx 00 eng d
050 _aPGS HQ 759.4
_b.D292 2001
100 _aDecena, Kristine Denissee C.
245 _aReactions of selected teenagers in the high school department of Southville International School towards teenage pregnancy /
_cKristine Denissee C. Decena.
260 _aLas PiƱas City, Philippines :
_bSouthville International School and Colleges,
_c2001.
300 _a33 pages :
_billustrations ;
_c28 cm.
504 _aIncludes bibliographical references.
650 _aTeenage pregnancy
_vPublic opinion.
650 _aSexual behavior in adolescence.
650 _aTeenagers
_vAttitudes.
650 _aHigh school students
_vAttitudes.
942 _2lcc
_cPASS
999 _c96438
_d96438